Essential grammar in use : (Record no. 741)

MARC details
000 -LEADER
fixed length control field 01084cam a2200289 i 4500
001 - CONTROL NUMBER
control field 18843438
003 - CONTROL NUMBER IDENTIFIER
control field OSt
005 - DATE AND TIME OF LATEST TRANSACTION
control field 20250420134823.0
008 - FIXED-LENGTH DATA ELEMENTS--GENERAL INFORMATION
fixed length control field 151104s2015 enka 001 0 eng
010 ## - LIBRARY OF CONGRESS CONTROL NUMBER
LC control number 2014397295
020 ## - INTERNATIONAL STANDARD BOOK NUMBER
International Standard Book Number 9781107480537 (edition with answers and interactive eBook)
040 ## - CATALOGING SOURCE
Original cataloging agency DLC
Language of cataloging eng
Description conventions rda
Transcribing agency KCST
050 00 - LIBRARY OF CONGRESS CALL NUMBER
Classification number PE1128
Item number .M77764 2015
082 00 - DEWEY DECIMAL CLASSIFICATION NUMBER
Classification number 428.24
Edition information 23
Item number Mu Es
100 1# - MAIN ENTRY--PERSONAL NAME
Personal name Murphy, Raymond,
Relator term author.
9 (RLIN) 4737
245 10 - TITLE STATEMENT
Title Essential grammar in use :
Remainder of title a self study reference and practice book for elementary learners of English: with answers and eBook /
Statement of responsibility, etc. Raymond Murphy.
250 ## - EDITION STATEMENT
Edition statement 4
260 ## - PUBLICATION, DISTRIBUTION, ETC.
Place of publication, distribution, etc. Cambridge :
Name of publisher, distributor, etc. Cambridge University Press,
Date of publication, distribution, etc. 2015.
300 ## - PHYSICAL DESCRIPTION
Extent 319 pages :
Other physical details illustrations ;
Dimensions 27 cm.
500 ## - GENERAL NOTE
General note Includes index.
650 #0 - SUBJECT ADDED ENTRY--TOPICAL TERM
Topical term or geographic name entry element English language
Form subdivision Textbooks for foreign speakers.
9 (RLIN) 4734
650 #0 - SUBJECT ADDED ENTRY--TOPICAL TERM
Topical term or geographic name entry element English language
General subdivision Grammar
Form subdivision Problems, exercises, etc.
9 (RLIN) 112
650 #0 - SUBJECT ADDED ENTRY--TOPICAL TERM
Topical term or geographic name entry element English language
General subdivision Study and teaching (Elementary)
-- Foreign speakers.
9 (RLIN) 4735
650 #0 - SUBJECT ADDED ENTRY--TOPICAL TERM
Topical term or geographic name entry element Language arts (Elementary)
9 (RLIN) 4736
942 ## - ADDED ENTRY ELEMENTS (KOHA)
Koha item type Book
942 ## - ADDED ENTRY ELEMENTS (KOHA)
Source of classification or shelving scheme Dewey Decimal Classification
Holdings
Withdrawn status Lost status Source of classification or shelving scheme Damaged status Not for loan Home library Current library Date acquired Cost, normal purchase price Total checkouts Full call number Barcode Date last seen Cost, replacement price Price effective from Koha item type
    Dewey Decimal Classification     KCST Library KCST Library 14/11/2021 7.40   428.24 Mu Es 1000000922 14/11/2021 7.40 14/11/2021 Book
    Dewey Decimal Classification     KCST Library KCST Library 14/11/2021 7.40   428.24 Mu Es 1000000923 14/11/2021 7.40 14/11/2021 Book
    Dewey Decimal Classification     KCST Library KCST Library 14/11/2021 7.40   428.24 Mu Es 1000000924 14/11/2021 7.40 14/11/2021 Book
    Dewey Decimal Classification     KCST Library KCST Library 14/11/2021 8.54   428.24 Mu Es 1000001098 02/10/2022 8.54 14/11/2021 Book
    Dewey Decimal Classification     KCST Library KCST Library 14/11/2021 8.54   428.24 Mu Es 1000001099 02/10/2022 8.54 14/11/2021 Book
    Dewey Decimal Classification     KCST Library KCST Library 14/11/2021 8.54   428.24 Mu Es 1000001100 02/10/2022 8.54 14/11/2021 Book
© 2025 KCST. All rights reserved